| 000 | 00654nam a2200217Ia 4500 | ||
|---|---|---|---|
| 003 | OSt | ||
| 005 | 20220107122746.0 | ||
| 008 | 130318s9999 xx 000 0 und d | ||
| 020 | _a9780470014615 | ||
| 040 | _cIIITM-K | ||
| 082 | _a004.678 CRO/I | ||
| 100 |
_aCrovella, Mark _95259 |
||
| 245 |
_aInternet measurement: _bInfrastructure, traffic and applications _cby Mark Crovella; Balachander Krishnamurthy |
||
| 260 |
_bWiley, _aU.K, _c2006. |
||
| 300 | _axix, 495p. | ||
| 650 |
_aINFORMATION TECHNOLOGY _95260 |
||
| 650 |
_aNETWORK COMMUNICATION _95261 |
||
| 650 |
_aINTERNET _95262 |
||
| 700 |
_aKrishnamurthy, Balachander _95263 |
||
| 942 |
_2ddc _cBK |
||
| 999 |
_c4197 _d4197 |
||